Le sport en K - Statistiques

Statistiques générales
  • Ce quiz a été pris 263 fois
  • Le résultat moyen est 4 sur 15
Statistiques - réponses
Indice Réponse % Correct
Art martial japonais qui fera ses débuts aux Jeux Olympiques aux Jeux de Tokyo en 2021 Karaté
93%
Ancien joueur de soccer brésilien qui a remporté le ballon d'or en 2007 Kaka
86%
Joueur de soccer actuel anglais, capitaine de l'équipe d'Angleterre lors de la Coupe du Monde en 2018 Harry Kane
73%
Épreuve olympique en cyclisme sur piste, consistant en une course opposant de 4 à 6 cyclistes Keirin
41%
Chiefs, Royals et anciennement les Scouts Kansas City
34%
Athlète kenyan spécialiste des courses de fond qui détient actuellement le record au marathon, lui qui est devenu la première personne à couvrir la distance en moins de 2 heures Eliud Kipchoge
30%
Nom de l'équipe de la LNH qui évolue dans la ville de Los Angeles Kings
26%
En boxe, ce terme désigne une victoire par abandon ou par arrêt de l'arbitre KO technique
15%
Nom donné à la disposition 1-6-3 au soccer, inauguré par les Japonais aux JO en 1936 Kamikaze
10%
Sport collectif québécois opposant trois équipes et développé par la compagnie Omnikin Kin-ball
6%
Skieur acrobatique québécois détenant le record du nombre de victoires en Coupe du Monde dans l'histoire de son sport Mikael Kingsbury
4%
Joueur de la NFL, portant le numéro 87, il a remporté le Super Bowl LIV en 2020 avec les Chiefs de Kansas City comme receveur rapproché Travis Kelce
3%
Lanceur des Dodgers de Los Angeles dans la MLB, il remporte le Cy Young (meilleur lanceur) en 2011, 2013 et 2014 Clayton Kershaw
2%
Nom donné à l'affrontement opposant les deux clubs de soccer des Pays-Bas, l'Ajax et le Feyenoord Rotterdam, recouvrant une grande rivalité culturelle et sociale Klassieker
2%
Ancien joueur finlandais dans la LNH jouant avec les Oilers d'Edmonton, considéré par plusieurs comme étant le meilleur joueur d'origine finlandaise dans l'histoire de la ligue Jari Kurri
1%
Aucun quiz correspondant
Distribution des résultats
% des personnes avec chaque résultat
Percentile par nombre de réponses
Votre historique - résultats
Vous n’avez pas pris ce quiz